[Event "Big Lion - 1 "]
[Site "SchemingMind.com"]
[Date "2011.01.05"]
[Round "-"]
[White "Orhany24"]
[Black "Clive Everill"]
[Result "0-1"]
[WhiteCountry "TUR"]
[BlackCountry "CZE"]
[WhiteElo "1714"]
[WhiteRD "63"]
[BlackElo "1679"]
[BlackRD "53"]
[GameID "271881"]

1. e4 Nc6 2. d4 e5 3. d5 Nce7 4. c4 Nf6 5. Nc3 Ng6 6. Bd3 Bc5 7. Nf3 d6 8. h3 O-O 9. O-O Nh5 10. Bg5 f6
11. Be3 Bxe3 12. fxe3 f5 13. exf5 Bxf5 14. e4 Bd7 15. Qd2 Ngf4 16. Bc2 Qf6 17. Ne2 Qg6 18. Nxf4 Nxf4 19. Kh2 Nh5 20. Qf2 Rf7
21. Qh4 h6 22. Rae1 Rf4 23. Qf2 Nf6 24. Qg3 Qh5 25. Bd1 Nxe4
0-1

[Event "Big Lion - 1 "]
[Site "SchemingMind.com"]
[Date "2011.01.07"]
[Round "-"]
[White "Shaka"]
[Black "Clive Everill"]
[Result "1-0"]
[WhiteCountry "VEN"]
[BlackCountry "CZE"]
[WhiteElo "1871"]
[WhiteRD "83"]
[BlackElo "1679"]
[BlackRD "53"]
[GameID "271882"]

1. e4 Nc6 2. c3 Nf6 3. Qc2 d5 4. d3 e6 5. Nf3 Be7 6. Be2 O-O 7. O-O b6 8. e5 Nd7 9. d4 a5 10. Bd3 g6
11. Bh6 Re8 12. Nbd2 f5 13. exf6 Bxf6 14. Bxg6 hxg6 15. Qxg6+ Kh8 16. Ng5 Re7 17. Nf7+ Rxf7 18. Qxf7 Qg8 19. Qh5 Qh7 20. Qe8+ Qg8
21. Qh5 Qh7 22. Rfe1 Bg7 23. Rxe6 Na7 24. Rae1 Bb7 25. Bxg7+ Kxg7 26. Re7+
1-0

[Event "Big Lion - 1 "]
[Site "SchemingMind.com"]
[Date "2011.01.06"]
[Round "-"]
[White "APB"]
[Black "Clive Everill"]
[Result "0-1"]
[WhiteCountry "ENG"]
[BlackCountry "CZE"]
[WhiteElo "1672"]
[WhiteRD "60"]
[BlackElo "1688"]
[BlackRD "52"]
[GameID "271883"]

1. e4 Nc6 2. d4 e6 3. Nf3 d5 4. e5 Bd7 5. c3 Nge7 6. Bd3 h6 7. O-O Nf5 8. c4 Ncxd4 9. Nxd4 Nxd4 10. Be3 Bc5
11. Qg4 f5 12. Qxg7 Rf8 13. Qxh6 Qe7 14. Bg5 Qf7 15. cxd5 exd5 16. Re1 Ne6 17. Bf6 Nd4 18. Rc1 Bb6 19. Nd2 Be6 20. Nb3 Nxb3
21. axb3 Kd7 22. b4 Rg8 23. g3 Rg6 24. Qf4 Rag8 25. Be2 Qh7 26. Kg2 Bd4 27. Qxd4 f4 28. Bh4 fxg3 29. fxg3 Rh6 30. Kh1 b6
31. Qc3 Kc8 32. Rxa7 Rg7 33. Qc6 Qe4+ 34. Kg1 Qe3+ 35. Kf1 Bh3+ 36. Ke1 Rxc6 37. Rxc6 Rf7 38. Bf6 Bg4 39. Rc2 Qg1+ 40. Bf1 Bh3
41. Rf2 b5 42. Ra6 Bxf1 43. Rxf1 Qe3+ 44. Kd1 Qb3+ 45. Kc1 Qc4+
0-1

[Event "Big Lion - 1 "]
[Site "SchemingMind.com"]
[Date "2011.01.05"]
[Round "-"]
[White "marble"]
[Black "Clive Everill"]
[Result "0-1"]
[WhiteCountry "ENG"]
[BlackCountry "CZE"]
[WhiteElo "1419"]
[WhiteRD "62"]
[BlackElo "1679"]
[BlackRD "53"]
[GameID "271884"]

1. e4 Nc6 2. d4 e5 3. dxe5 Nxe5 4. f4 Ng6 5. Be3 Bb4+ 6. c3 Ba5 7. Nd2 Bb6 8. Bxb6 axb6 9. f5 Ne5 10. Ngf3 Nc6
11. Qb3 h6 12. Bb5 Nge7 13. Bc4 Na5 14. Bxf7+ Kf8 15. Qb4 Kxf7 16. Ne5+ Ke8 17. Ndc4 c5 18. Qb5 Nxc4 19. Nxc4 Nc6 20. O-O-O Qg5+
21. Kb1 Qe7 22. Rhe1 Kf8 23. Nxb6 Ra5 24. Qb3 Qd8 25. Nc4 Ra7 26. Nd6 Ne5 27. Rd5 c4 28. Qb4 Nc6 29. Qc5 Ra5 30. Qxc4 Rxd5
31. exd5 Ne7 32. Qc5 Kg8 33. Ne4 Kh7 34. d6 Nc6 35. b4 Qh4 36. Qg1 b5 37. Ng3 Qc4 38. Ne4 Bb7 39. Nd2 Qxc3 40. Nb3 Nxb4
41. Rc1 Be4+
0-1

[Event "Big Lion - 1 "]
[Site "SchemingMind.com"]
[Date "2011.01.04"]
[Round "-"]
[White "SittingBull"]
[Black "Clive Everill"]
[Result "0-1"]
[WhiteCountry "CAN"]
[BlackCountry "CZE"]
[WhiteElo "1865"]
[WhiteRD "93"]
[BlackElo "1689"]
[BlackRD "50"]
[GameID "271885"]

1. e4 e6 2. d4 d5 3. Nc3 Nc6 4. e5 Nge7 5. f4 b6 6. Nf3 Ng6 7. Be2 Bb4 8. O-O O-O 9. Kh1 f5 10. exf6 Qxf6
11. Ne5 Ncxe5 12. fxe5 Qe7 13. a3 Bxc3 14. bxc3 c5 15. Be3 c4 16. Bh5 Nh4 17. Qg4 Rxf1+ 18. Rxf1 Nf5 19. Bg5 Qxa3 20. h3 Qxc3
21. Bf6 Qg3 22. Qg5 Qxg5
0-1

[Event "Big Lion - 1 "]
[Site "SchemingMind.com"]
[Date "2011.01.04"]
[Round "-"]
[White "DI DARIO"]
[Black "Clive Everill"]
[Result "0-1"]
[WhiteCountry "INT"]
[BlackCountry "CZE"]
[WhiteElo "1670"]
[WhiteRD "58"]
[BlackElo "1688"]
[BlackRD "52"]
[GameID "271886"]

1. c4 e5 2. Nf3 e4 3. Ne5 d6 4. Nxf7 Kxf7 5. Nc3 Bf5 6. Qb3 b6 7. g4 Bxg4 8. Nxe4 Nf6 9. Ng5+ Ke8 10. c5 Qe7
11. cxd6 cxd6 12. h4 h6 13. f3 Bd7 14. Nh3 Nc6 15. e3 Nd4 16. Qd1 Rc8 17. Kf2 Nc2 18. Rb1 Qf7 19. a3 Ng4+ 20. Ke2 Ne5
21. Nf4 Be7 22. b3 Bb5+ 23. d3 g5 24. hxg5 Bxg5 25. Bh3 Rc6 26. Be6 Qf6 27. Bd5 Rc5 28. Bb2 Bxf4 29. exf4 Bxd3+ 30. Qxd3 Nxd3
31. Bxf6 Nxf4+ 32. Kd2 Rf8 33. Rxh6 Nxd5 34. Bg7 Rxf3 35. Rxd6 Ke7 36. Be5 Nxa3 37. Rc1 Rf2+ 38. Ke1 Rxc1+ 39. Kxf2 Rc5 40. Bg3 Nc3
41. Rd4 Rf5+ 42. Ke3 Nab5 43. Rc4 Nd1+ 44. Ke4 Rf1 45. Ke5 Rh1 46. Rc1 Rh5+ 47. Kf4 Nb2 48. Kg4 Rh8 49. Re1+ Kd7 50. Re5 Rg8+
51. Kh4 Nc3 52. Re3 Nb5 53. Re5 a6 54. Rh5 Na3 55. Rh7+ Kc6 56. Rh6+ Kb5 57. Bc7 Nd3 58. Rxb6+ Kc5 59. Rxa6 Nb5 60. Ra5 Kc6
61. Bg3 Nc5 62. b4 Ne4 63. Bf4 Nd4 64. Ra7 Nf3+ 65. Kh3 Nf2#
0-1

[Event "Big Lion - 1 "]
[Site "SchemingMind.com"]
[Date "2011.01.04"]
[Round "-"]
[White "Laufer"]
[Black "Clive Everill"]
[Result "0-1"]
[WhiteCountry "CRO"]
[BlackCountry "CZE"]
[WhiteElo "1442"]
[WhiteRD "84"]
[BlackElo "1679"]
[BlackRD "53"]
[GameID "271887"]

1. e4 Nc6 2. Nf3 f5 3. exf5 d5 4. Bb5 Qd6 5. d4 Bxf5 6. Ne5 Nf6 7. Nxc6 bxc6 8. Bd3 Qe6+ 9. Be3 g6 10. Nc3 Bg7
11. O-O O-O 12. Bxf5 Qxf5 13. Na4 Ng4 14. Qe2 e5 15. dxe5 Bxe5 16. g3 Nxe3 17. fxe3 Qe4 18. Rxf8+ Rxf8 19. Nc3 Qb4 20. Rb1 Bxc3
0-1